• 首页
  • 本馆介绍
  • 公告通知
  • 最新文献
  • 馆藏检索
  • 电子资源
  • 读者导购
  • 参考咨询
  • 我的图书馆
  • 登录
  • 详细信息显示
  • 放入我的书架
  • 预约/预借图书
  • 作者相关作品
  • 分类相关作品
  • 丛书相关作品
  • 出版社相关作品

书目信息

  • 表格格式
  • 工作单格式
  • 卡片格式
题名:
让幼儿在主动探索中学习科学
    
 
作者: 刘占兰 , 沈心燕 主编
分册:  
出版信息: 北京   北京师范大学出版社  2001
页数: 230页
开本: 20cm
丛书名:
单 册:
中图分类: G613.3 , G612
科图分类:
主题词: 科学教育学--幼儿园--教学参考资料
电子资源:
ISBN: 7-303-05698-X
000 00923nam0 2200253 450
001 1540575072
005 20150126111628.40
010    @a7-303-05698-X@dCNY11.00
100    @a20010809d2001 emky0chiy0110 ea
101 0  @achi
102    @aCN@b110000
105    @ay z 000yy
200 1  @a让幼儿在主动探索中学习科学@9rang you er zai zhu dong tan suo zhong xue xi ke xue@e经历发现过程 体验科学真谛@f刘占兰,沈心燕主编
210    @a北京@c北京师范大学出版社@d2001
215    @a230页@d20cm
300    @a全国教育科学“九五”规划教育部重点课题 提高我国幼儿师资素质的研究
330    @a本书共分七章,内容包括:探究和认识植物、关爱和研究动物、体验和了解材料、经历探究过程,发现事物间关系等。
606 0  @a科学教育学@x幼儿园@j教学参考资料
690    @aG613.3@v5
690    @aG612@v4
701  0 @a刘占兰@9liu zhan lan@4主编
701  0 @a沈心燕@9shen xin yan@4主编
801  0 @aCN@bTSSF@c20150126
905    @aZUCC@dG612@eJY6
    
    让幼儿在主动探索中学习科学:经历发现过程 体验科学真谛/刘占兰,沈心燕主编.-北京:北京师范大学出版社,2001
    230页;20cm
    全国教育科学“九五”规划教育部重点课题 提高我国幼儿师资素质的研究
    
    ISBN 7-303-05698-X:CNY11.00
    本书共分七章,内容包括:探究和认识植物、关爱和研究动物、体验和了解材料、经历探究过程,发现事物间关系等。
●
相关链接 在E读中查询图书 在五车中查询图书 在当当中查询图书 在豆瓣中查询图书


正题名:让幼儿在主动探索中学习科学     索取号:G612/JY6         预约/预借

序号 登录号 条形码 馆藏地/架位号 状态 备注
1 7859735   278597350   学院路分馆/ [索取号:G612/JY6] 在馆    
唐山师范学院图书馆 欢迎您!
大连网信软件有限公司© 版权所有